Coppa del mondo per club FIFA 2025 - Squadre - Morte improvvisa - Statistics

Statistiche generali
  • Questo quiz è stato fatto 538 volte
    171 dall'ultimo reset
  • Il punteggio medio è 15 su 32
Answers on the Grid
Answers color-coded by a green-red scale on the quiz's grid according to % correct below.
Al-Hilal
Urawa Reds
Al-Ain
Ulsan Hyundai
Al-Ahly
Wydad Casablanca
Espérance
M. Sundowns
Monterrey
Seattle Sounders
Los Angeles FC
Pachuca
Palmeiras
Flamengo
Fluminense
Botafogo
River Plate
Boca Juniors
Auckland City
Chelsea
Real Madrid
Manchester City
Bayern Monaco
Paris Saint-Germain
Inter
Porto
Benfica
Borussia Dortmund
Juventus
Atlético Madrid
Salisburgo
Inter Miami
Pohang Steelers
Yokohama Marinos
Kaizer Chiefs
TP Mazembe
América
Pumas UNAM
Athl. Paranaense
Atlético Mineiro
PSV
Napoli
Barcellona
Arsenal
RB Lipsia
Milan
Galatasaray
Tottenham
 
Statistiche sulle risposte
Risposta % Corretto
Inter
65%
Paris Saint-Germain
62%
Real Madrid
62%
Inter Miami
59%
Juventus
59%
Bayern Monaco
58%
Al-Hilal
56%
Chelsea
56%
Fluminense
56%
Manchester City
56%
Botafogo
55%
Atlético Madrid
52%
Borussia Dortmund
52%
Monterrey
51%
Palmeiras
51%
Boca Juniors
50%
River Plate
48%
Auckland City
46%
Flamengo
46%
Benfica
44%
Porto
44%
Al-Ain
41%
Urawa Reds
41%
Wydad Casablanca
40%
Los Angeles FC
39%
Seattle Sounders
39%
Al-Ahly
35%
Pachuca
34%
Salisburgo
31%
Ulsan Hyundai
31%
M. Sundowns
29%
Espérance
26%
Nessun quiz corrispondente trovato
Distribuzione punteggi
Percentuale di utenti per punteggio
Percentile per numero di risposta
I tuoi punteggi nel tempo
Non hai fatto questo quiz dall'ultimo reset